000 00290nam a22001337a 4500
008 170619b xxu||||| |||| 00| 0 eng d
020 _a9780742567276
041 _aeng
080 _a32
100 _a20
101 _aSHP
245 _aTHE GLOBAL NEW DEAL
_cFEDICE.W.F
942 _2udc
_cBK
999 _c18049
_d18049